Заявление адвоката Лифляндского гофгерихта Германа о злоупотреблениях высшей администрации Прибалтийских губерний

RUSMARC
00005371nac2a22003493x 450
001e19e2cad-217b-48d6-b951-557b079ca34a
00520240819164544.0
100##$a20240716l1880 k y0rusy50 ca
1010#$arus
102##$aRU
105##$ay z |||||
1220#$ad18800709
2001#$aЗаявление адвоката Лифляндского гофгерихта Германа о злоупотреблениях высшей администрации Прибалтийских губерний
$j09.07.1880
215##$a2 листа
$d38,1 х 23,6
251##$cДело
300##$aЗаголовок дела на папке: Заявление адвоката Лифляндского гофгерихта Германа Юргенсона о злоупотреблениях высшей администрации Прибалтийских губерний
300##$aРукописный текст
325##$aЗамикрофильмировано
330##$aВходит в раздел описи: Материалы, относящиеся к деятельности Лорис-Меликова М. Т. в Верховной Распорядительной Комиссии
461#0$1001cda3d175-ae4a-411a-8dea-9cc20fb178f6
$12001
$aЛорис-Меликов Михаил Тариелович, граф, министр внутренних дел, главный начальник "верховной распорядительной комиссии по охранению государственного порядка и общественного спокойствия", генерал от кавалерии
$1251
$cФонд
$1852
$j569
462#0$1001163e060a-d7cc-404d-90ee-e28c9801971b
$12001
$aОпись дел фонда М. Т. Лорис-Меликова за 1858-1915 гг.
$vД. 57
$1251
$cОпись
$1852
$j1
5171#$aЗаявление адвоката Лифляндского гофгерихта Германа Юргенсона о злоупотреблениях высшей администрации Прибалтийских губерний
600#1$aЮргенсон
$bГ.
$gГерман
60102$3RU\NLR\AUTH\880515159
$aЛифляндский надворный суд
605##$3DITM\AF\0000002775
$aВласть
$lколлекция
$2acquisition_prlib
6101#$aЗлоупотребления
$aВысшая администрация
$aПрибалтийские губернии
686##$a63.3(2)535-332ю1
$cИстория
$2rubbk
686##$a67.400.6ю1
$cПраво
$2rubbk
700#1$aЮргенсон
$bГ.
$gГерман
801#0$aRU
$bGA_RF
801#1$aRU
$bГлавНИВЦ
$c20240716
$2rusmarc
801#2$aRU
$bПБ им. Б.Н. Ельцина
$c20240819
$gRCR
$2rusmarc
852##$aГА РФ
$j57
937##$d193620099
$hГАРФ
035##$aRuPRLIB51076409
856##$uhttp://readingroom.main.prlib.ru/item.aspx?id_node=n193620099&mode=full
Формат отображения